| 000 | 00695nam a2200181Ia 4500 | ||
|---|---|---|---|
| 008 | 131103s9999 xx 000 0 und d | ||
| 040 | _aLoreto College | ||
| 041 | _aEnglish | ||
| 082 |
_a882.01/EUR _b#NAME? |
||
| 245 | 4 |
_aThe complete Greek tragedies _b Euripides I. _cedited by David Grene and Richmond Lattimore |
|
| 260 |
_aChicago _bThe University Of Chicago Press _c1955 |
||
| 300 |
_ax,221 p. _c 22 cm. |
||
| 504 | _aAlcestis/translated by Richmond Lattimore; The Medea/translated by Rex Warner; The Hercleidae/ translated by Ralph Gladstone; Hippolytus/translated by David Grene | ||
| 650 | _aSophocles,4496 -406 B.C. | ||
| 700 | _aGrene,David,ed. | ||
| 850 | _aLCLIB | ||
| 942 | _cBK | ||
| 999 |
_c5873 _d56352 |
||